| 000 | 01019cam a22002054a 4500 | ||
|---|---|---|---|
| 005 | 20250605164051.0 | ||
| 008 | 250528s ||||||||||||||||||||||||d | ||
| 035 | _a17276 | ||
| 020 | _a19828795 | ||
| 040 |
_aGR-AtMCL _bgre _dGR-AtMCL _eAACR2 |
||
| 245 | 1 | _aThe New European Economy / The Politics and Economics of Integration | |
| 250 | _a2nd | ||
| 260 |
_bOxford University Press, _c1993 |
||
| 300 | _a380 | ||
| 520 | _aThis book examines the political economy of the European community and the process of economic integration in Western Europe. Introduction, The Ups and Downs of European Integration, 1992 and Beyond, From Customs Union to the Internal Market, The Political Economy of Liberalization and Regulation, Social Policies and Labor-Markets, Economic and Monetary Union, Regional Policies and Redistribution, The External Dimension, The Political Economy of New Europe, Postscript, References, Index. | ||
| 700 | 1 |
_aTsoukalis Loukas _93437 |
|
| 942 | _cBK | ||
| 999 |
_c2704 _d2704 |
||